[Event "Pan American-ch School U13 Girls 12th"]
[Site "Callao"]
[Date "2023.10.17"]
[Round "4"]
[White "El Hage Serrano, Caely Dilsa"]
[Black "Vergara Perez, Marcela Sophia"]
[Result "1-0"]
[WhiteElo "1564"]
[BlackElo "1271"]
[PlyCount "125"]
[EventDate "2023.10.16"]
[EventType "swiss"]
[EventRounds "9"]
[EventCountry "PER"]
[SourceTitle "Mega2024 Update 01"]
[Source "Chessbase"]
[SourceDate "2023.11.12"]
[SourceVersion "1"]
[SourceVersionDate "2023.11.12"]
[SourceQuality "1"]

1. e4 c5 2. Nc3 Nc6 3. f4 d6 4. Nf3 g6 5. g3 Bg7 6. Bg2 e6 7. 0-0 Nge7 8. d3 0-0 9. Rb1 Rb8 10. Be3 Nd4 11. Ne2 Nxe2+ 12. Qxe2 b6 13. c3 d5 14. e5 Ba6 15. Rfd1 Qc7 16. b3 Rfc8 17. c4 Bb7 18. d4 dxc4 19. dxc5 bxc5 20. Qxc4 Bd5 21. Qc2 Nf5 22. Bf2 Qb7 23. Ne1 Bxg2 24. Nxg2 Bf8 25. g4 Nd4 26. Bxd4 cxd4 27. Qd3 Bc5 28. f5 Qd5 29. Re1 Bb4 30. fxg6 hxg6 31. Nf4 Qb7 32. Rec1 Qd7 33. Rc4 Ba5 34. Rbc1 Bb6 35. Kg2 Rxc4 36. Rxc4 Rc8 37. h4 Rc5 38. Rxc5 Bxc5 39. h5 g5 40. Ne2 Qd5+ 41. Qf3 Qxe5 42. Ng3 Qf4 43. Qxf4 gxf4 44. Ne4 d3 45. Kf3 Be3 46. Nc3 e5 47. g5 Kg7 48. Nd1 Bd4 49. Ke4 Kg8 50. Kxd3 Kg7 51. Ke4 f6 52. g6 Ba1 53. Nf2 Bd4 54. Ng4 Bc3 55. Kf5 f3 56. h6+ Kf8 57. Ke4 Bd4 58. Kxf3 f5 59. Ne3 e4+ 60. Kf4 Bxe3+ 61. Kxe3 a5 62. a3 Kg8 63. b4 1-0